000 00309nam a22001337a 4500
020 _qPB.
040 _cFIZZA ISHAQ
082 _a004
_bJAI
100 _aJain, S.K.
_983624
245 _aCOMPUTER FUNDAMENTAL /
_cS.K JAIN.
260 _aDELHI :
_bDHANPAT RAI,
_c2002.
300 _a157 p. ;
942 _2ddc
_cBK
999 _c586629
_d586629